000 00427cam a22001217a 4500
008 180718b1992 xxu||||| |||| 00| 0 eng d
082 _aK12x595 M291
100 _aMalaysia. Department of Prime Minister's
245 _aThe public service of Malaysia: some reflections on quality productivity and discipline
260 _aKuala Lumpur
_bNational Printing Department
_c1992
300 _a355p.
650 _aCivil Service - Malaysia
999 _c479043
_d479043